[Event "NRW Class1 0910"]
[Site "Germany"]
[Date "2009.09.20"]
[Round "1.7"]
[White "Kley, Thomas"]
[Black "Beckmann, Klaus"]
[Result "0-1"]
[WhiteElo "2160"]
[BlackElo "2279"]
[PlyCount "96"]
[EventDate "2009.09.20"]
[EventType "team-tourn"]
[EventRounds "9"]
[EventCountry "GER"]
[SourceTitle "EXT 2011"]
[Source "ChessBase"]
[SourceDate "2010.11.26"]
[SourceVersion "1"]
[SourceVersionDate "2010.11.26"]
[SourceQuality "1"]
[WhiteTeam "Elberfeld"]
[BlackTeam "Neuenkirchen"]
[WhiteTeamCountry "GER"]
[BlackTeamCountry "GER"]

1. e4 c5 2. Nc3 a6 3. g3 b5 4. Bg2 Bb7 5. Nge2 e6 6. a3 Nf6 7. d3 d5 8. exd5 Nxd5 9. Ne4 Bc6 10. 0-0 Be7 11. c4 Nf6 12. N2c3 b4 13. Nxf6+ Bxf6 14. Ne4 Bd4 15. Bg5 Qd7 16. Be3 Bxe3 17. fxe3 bxa3 18. Rxa3 Qc7 19. Qh5 Bxe4 20. Bxe4 Ra7 21. b3 g6 22. Qg5 0-0 23. d4 f5 24. Bg2 cxd4 25. exd4 Qd6 26. Ra2 Qxd4+ 27. Kh1 Rd7 28. Re2 e5 29. Qe3 e4 30. Qh6 Qg7 31. Qxg7+ Kxg7 32. g4 Nc6 33. gxf5 gxf5 34. Re3 Ne5 35. Rg3+ Ng6 36. Rg5 e3 37. Bf3 Rd2 38. c5 Kf6 39. Rh5 e2 40. Re1 Nf4 41. Rh6+ Kg7 42. Rh4 Rfd8 43. Rxf4 Rd1 44. Bxe2 Rxe1+ 45. Bf1 Kg6 46. Kg2 a5 47. Rf2 Rc1 48. Bc4 Rc8 0-1

[Event "Wuerttemberg-ch Seniors 15th"]
[Site "Ellwangen"]
[Date "2003.04.13"]
[Round "3"]
[White "Kley, Thomas"]
[Black "Jurgan, Brigitte"]
[Result "1-0"]
[WhiteElo "1653"]
[BlackElo "1066"]
[PlyCount "88"]
[EventDate "2003.04.??"]
[EventType "swiss"]
[EventRounds "9"]
[EventCountry "GER"]
[SourceTitle "EXT 2006"]
[Source "ChessBase"]
[SourceDate "2005.11.24"]
[SourceVersion "1"]
[SourceVersionDate "2005.11.24"]
[SourceQuality "1"]

1. d4 d5 2. Nf3 f6 3. e3 Bf5 4. Bd3 e6 5. Nc3 Bb4 6. Bxf5 exf5 7. Qd3 Ne7 8. Bd2 Bxc3 9. Bxc3 0-0 10. 0-0 Nbc6 11. Bd2 Qd7 12. c4 dxc4 13. Qxc4+ Qd5 14. Rac1 Qxc4 15. Rxc4 Rad8 16. Rfc1 h6 17. Bb4 Nxb4 18. Rxb4 Nd5 19. Rxb7 a6 20. Nh4 Rb8 21. Rxb8 Rxb8 22. b3 f4 23. exf4 Nxf4 24. Rxc7 Ne2+ 25. Kf1 Nxd4 26. Rc4 Rd8 27. g3 Kh7 28. f4 f5 29. Kf2 Rd6 30. Ke3 Nb5 31. Nxf5 Re6+ 32. Kd3 g6 33. Nh4 Rd6+ 34. Ke3 Re6+ 35. Kf2 Rd6 36. b4 Nd4 37. a4 Nf5 38. Nxf5 gxf5 39. b5 axb5 40. axb5 Rd2+ 41. Ke3 Rxh2 42. Rb4 Rh1 43. b6 Rd1 44. b7 h5 1-0

[Event "Wuerttemberg-ch Seniors 15th"]
[Site "Ellwangen"]
[Date "2003.04.11"]
[Round "1"]
[White "Kley, Thomas"]
[Black "Krampe, Helmut"]
[Result "0-1"]
[WhiteElo "1653"]
[BlackElo "1710"]
[PlyCount "96"]
[EventDate "2003.04.??"]
[EventType "swiss"]
[EventRounds "9"]
[EventCountry "GER"]
[SourceTitle "EXT 2006"]
[Source "ChessBase"]
[SourceDate "2005.11.24"]
[SourceVersion "1"]
[SourceVersionDate "2005.11.24"]
[SourceQuality "1"]

1. d4 Nf6 2. c4 c6 3. Nc3 d5 4. e3 g6 5. Nf3 Bg7 6. h3 Nbd7 7. b3 0-0 8. Bb2 Re8 9. Be2 a6 10. 0-0 e6 11. Qc2 Rb8 12. Rac1 dxc4 13. Bxc4 Nb6 14. Bd3 Nbd5 15. a3 Re7 16. Ne4 Nxe4 17. Bxe4 Bd7 18. Ne5 Be8 19. a4 f6 20. Nf3 f5 21. Bd3 Nb4 22. Qd2 Nxd3 23. Qxd3 Rd7 24. Qc4 Rd5 25. Rfe1 c5 26. Qc2 cxd4 27. exd4 Qb6 28. Qc7 Qxc7 29. Rxc7 Rd7 30. Rec1 Bf6 31. R1c2 Rxc7 32. Rxc7 Bd8 33. Rc3 Bc6 34. Ne5 Bd5 35. Nd7 Ra8 36. f4 Kf7 37. Ne5+ Ke7 38. Ba3+ Ke8 39. Nc4 b5 40. Nd6+ Kd7 41. Nf7 Ba5 42. Ne5+ Ke8 43. b4 Bb6 44. Rd3 Rc8 45. g4 Rc2 46. Re3 Be4 47. Nd3 Bxd4 48. Nc5 Bxe3+ 0-1

[Event "Oberliga NRW 0203 I"]
[Site "Germany"]
[Date "2002.11.10"]
[Round "2.5"]
[White "Hogenacker, Jacques"]
[Black "Kley, Thomas"]
[Result "1-0"]
[WhiteElo "2298"]
[BlackElo "2211"]
[PlyCount "79"]
[EventDate "2002.10.06"]
[EventType "team"]
[EventRounds "9"]
[EventCountry "GER"]
[SourceTitle "EXT 2004"]
[Source "ChessBase"]
[SourceDate "2003.11.25"]
[SourceVersion "1"]
[SourceVersionDate "2003.11.25"]
[SourceQuality "1"]
[WhiteTeam "Koeln KKS"]
[BlackTeam "Elberfeld"]
[WhiteTeamCountry "GER"]
[BlackTeamCountry "GER"]

1. e4 c5 2. Nf3 Nc6 3. d4 cxd4 4. Nxd4 Nf6 5. Nc3 e5 6. Ndb5 d6 7. Bg5 a6 8. Na3 b5 9. Bxf6 gxf6 10. Nd5 Bg7 11. c4 0-0 12. Ne3 Nd4 13. Bd3 f5 14. Qh5 f4 15. Nd5 Qa5+ 16. Kd1 Ra7 17. Nc2 bxc4 18. Bxc4 Nxc2 19. Kxc2 Qc5 20. Qe2 a5 21. Rac1 a4 22. Kb1 Qa5 23. a3 Be6 24. Nb4 Rb7 25. Rhd1 Rfb8 26. Bd5 Rxb4 27. axb4 Qxb4 28. Rc4 Qa5 29. Bxe6 fxe6 30. Qg4 Rxb2+ 31. Ka1 Kf7 32. Qh5+ Kf6 33. g4 Rb3 34. Qe8 Ra3+ 35. Kb2 Rb3+ 36. Ka2 Qb5 37. g5+ Kxg5 38. Rg1+ Kh6 39. Qxe6+ Kh5 40. Qg4+ 1-0

[Event "Wuerttemberg-ch Seniors 14th"]
[Site "Ellwangen"]
[Date "2002.??.??"]
[Round "6"]
[White "Buerger, Helmut"]
[Black "Kley, Thomas"]
[Result "0-1"]
[WhiteElo "1665"]
[BlackElo "1715"]
[PlyCount "53"]
[EventDate "2002.03.30"]
[EventType "swiss"]
[EventRounds "9"]
[EventCountry "GER"]
[SourceTitle "EXT 2006"]
[Source "ChessBase"]
[SourceDate "2005.11.24"]
[SourceVersion "1"]
[SourceVersionDate "2005.11.24"]
[SourceQuality "1"]

1. d4 d5 2. c4 e6 3. Nc3 c6 4. e3 Nf6 5. cxd5 exd5 6. Bd3 Bd6 7. h3 Be6 8. Nf3 Nbd7 9. 0-0 0-0 10. e4 dxe4 11. Nxe4 Nxe4 12. Bxe4 h6 13. Be3 Nf6 14. Bd3 Bd5 15. b3 Bc7 16. Ne5 Qe7 17. Bf4 Bb6 18. Bc2 Rad8 19. Be3 Be4 20. Nf3 c5 21. Bxe4 Nxe4 22. Re1 f5 23. Qc2 cxd4 24. Qc4+ Qf7 25. Qxf7+ Rxf7 26. Nxd4 Bxd4 27. Rad1 0-1

[Event "Oberliga NRW 0102 I"]
[Site "Germany"]
[Date "2001.12.09"]
[Round "4.4"]
[White "Gruermann, Martin"]
[Black "Kley, Thomas"]
[Result "1/2-1/2"]
[WhiteElo "2021"]
[BlackElo "2214"]
[PlyCount "48"]
[EventDate "2001.10.??"]
[EventType "team"]
[EventRounds "9"]
[EventCountry "GER"]
[SourceTitle "EXT 2004"]
[Source "ChessBase"]
[SourceDate "2003.11.25"]
[SourceVersion "1"]
[SourceVersionDate "2003.11.25"]
[SourceQuality "1"]
[WhiteTeam "Letmathe"]
[BlackTeam "Elberfeld"]
[WhiteTeamCountry "GER"]
[BlackTeamCountry "GER"]

1. e4 c5 2. Nf3 Nf6 3. e5 Nd5 4. Nc3 e6 5. Nxd5 exd5 6. d4 d6 7. Bb5+ Nc6 8. 0-0 Be7 9. exd6 Qxd6 10. dxc5 Qxc5 11. Qd3 0-0 12. c3 Bg4 13. Be3 Qd6 14. Nd4 g6 15. f4 Bf6 16. Rae1 a6 17. Ba4 Rfe8 18. Qd2 Re7 19. Qf2 b5 20. Nxc6 Qxc6 21. Bb3 Rae8 22. h3 Bf5 23. Qd2 Bh4 24. Bf2 Bxf2+ 1/2-1/2

[Event "Wuerttemberg-ch Seniors 13th"]
[Site "Ellwangen"]
[Date "2001.??.??"]
[Round "1"]
[White "Kley, Thomas"]
[Black "Fassmann, Kurt"]
[Result "1-0"]
[WhiteElo "1728"]
[BlackElo "1963"]
[PlyCount "98"]
[EventDate "2001.04.??"]
[EventType "swiss"]
[EventRounds "9"]
[EventCountry "GER"]
[SourceTitle "EXT 2006"]
[Source "ChessBase"]
[SourceDate "2005.11.24"]
[SourceVersion "1"]
[SourceVersionDate "2005.11.24"]
[SourceQuality "1"]

1. d4 Nf6 2. Nf3 e6 3. e3 b6 4. Bd3 Bb7 5. Nbd2 c5 6. c3 d5 7. 0-0 Be7 8. Qe2 0-0 9. h3 Nc6 10. Re1 Re8 11. dxc5 bxc5 12. Bb5 Qb6 13. Bxc6 Qxc6 14. Ne5 Qc7 15. Ng4 a5 16. Nxf6+ Bxf6 17. Nf3 Ba6 18. Qd1 Red8 19. Qc2 Rd7 20. e4 Rad8 21. e5 Be7 22. Bg5 h6 23. Bxe7 Rxe7 24. Rac1 Qb6 25. b3 Red7 26. Red1 Bb5 27. Rd2 Ba6 28. Rcd1 Qc7 29. Re1 Bb5 30. Qd1 Ba6 31. Re3 Bb7 32. Nh2 d4 33. cxd4 Rxd4 34. Rxd4 Rxd4 35. Qc1 Qd7 36. Re1 Qb5 37. Rd1 Qe2 38. Re1 Qd2 39. Nf1 Qxc1 40. Rxc1 Rd5 41. f4 Ba6 42. Kf2 f6 43. exf6 gxf6 44. Rc2 Bd3 45. Rc3 Bb1 46. a4 Ba2 47. Ke2 Bb1 48. Ne3 Rd4 49. Rxc5 Rxf4 1-0

[Event "Oberliga NRW 9900 II"]
[Site "Germany"]
[Date "2000.02.09"]
[Round "5.5"]
[White "Rott, Georg"]
[Black "Kley, Thomas"]
[Result "1/2-1/2"]
[WhiteElo "2200"]
[BlackElo "2215"]
[PlyCount "89"]
[EventDate "1999.10.26"]
[EventType "team"]
[EventRounds "9"]
[EventCountry "GER"]
[SourceTitle "EXT 2001"]
[Source "ChessBase"]
[SourceDate "2000.11.22"]
[SourceVersion "1"]
[SourceVersionDate "2000.11.22"]
[SourceQuality "1"]
[WhiteTeam "Muenster II"]
[BlackTeam "Elberfeld"]
[WhiteTeamCountry "GER"]
[BlackTeamCountry "GER"]

1. e4 c5 2. c3 d6 3. d4 Nf6 4. dxc5 Nc6 5. f3 dxc5 6. Qxd8+ Nxd8 7. Be3 e5 8. Na3 Be7 9. Nb5 0-0 10. Nc7 Rb8 11. 0-0-0 Ne6 12. Nd5 Bd8 13. Nh3 b6 14. Nf2 Bb7 15. Bc4 Bc6 16. Rd2 Nd7 17. Rhd1 b5 18. Bb3 a5 19. Bc2 a4 20. a3 Nd4 21. Nd3 Bxd5 22. exd5 Nf5 23. Nxc5 Nxe3 24. Nxd7 Nxd1 25. Kxd1 Bg5 26. Rd3 Rbd8 27. Nxf8 Kxf8 28. Bb1 Ke7 29. Kc2 Kd6 30. Ba2 f5 31. b3 axb3+ 32. Bxb3 Kc5 33. Rd1 Be7 34. Kd3 Ra8 35. Ra1 Kb6 36. a4 bxa4 37. Rxa4 Rxa4 38. Bxa4 Kc5 39. Bb3 Bd8 40. g4 g6 41. gxf5 gxf5 42. h3 h5 43. c4 h4 44. Ba4 Bb6 45. Bd7 1/2-1/2

[Event "Oberliga NRW 9900 II"]
[Site "Germany"]
[Date "2000.01.19"]
[Round "4.6"]
[White "Dehn, Marcus"]
[Black "Kley, Thomas"]
[Result "0-1"]
[WhiteElo "2168"]
[BlackElo "2215"]
[PlyCount "78"]
[EventDate "1999.10.26"]
[EventType "team"]
[EventRounds "9"]
[EventCountry "GER"]
[SourceTitle "EXT 2001"]
[Source "ChessBase"]
[SourceDate "2000.11.22"]
[SourceVersion "1"]
[SourceVersionDate "2000.11.22"]
[SourceQuality "1"]
[WhiteTeam "Wuppertal"]
[BlackTeam "Elberfeld"]
[WhiteTeamCountry "GER"]
[BlackTeamCountry "GER"]

1. Nf3 Nf6 2. Nc3 c5 3. e3 g6 4. Be2 Bg7 5. 0-0 0-0 6. d4 b6 7. Ne5 Bb7 8. Bf3 Qc8 9. d5 d6 10. Nc4 Ba6 11. Be2 b5 12. Na5 b4 13. Nb5 Bb7 14. Nc4 Qd8 15. a4 a6 16. a5 axb5 17. Nb6 Rxa5 18. Rxa5 Qxb6 19. Ra2 Bxd5 20. b3 Bc6 21. Bf3 Ne4 22. Bxe4 Bxe4 23. Bb2 Bxb2 24. Rxb2 Nd7 25. Ra2 Nf6 26. Qd2 Bb7 27. Rfa1 Ne4 28. Qe1 Nc3 29. Ra7 Rc8 30. R1a5 c4 31. bxc4 Rxc4 32. Qa1 Rg4 33. Rxb7 Qxb7 34. Ra8+ Kg7 35. g3 Rg5 36. Qa5 Rd5 37. e4 Rd1+ 38. Kg2 Qxe4+ 39. Kh3 Ne2 0-1

[Event "Oberliga NRW 9900 II"]
[Site "Germany"]
[Date "1999.11.22"]
[Round "2.6"]
[White "Kley, Thomas"]
[Black "Ahn, Martin"]
[Result "0-1"]
[WhiteElo "2215"]
[BlackElo "2305"]
[PlyCount "82"]
[EventDate "1999.10.26"]
[EventType "team"]
[EventRounds "9"]
[EventCountry "GER"]
[SourceTitle "EXT 2001"]
[Source "ChessBase"]
[SourceDate "2000.11.22"]
[SourceVersion "1"]
[SourceVersionDate "2000.11.22"]
[SourceQuality "1"]
[WhiteTeam "Elberfeld"]
[BlackTeam "Aachen"]
[WhiteTeamCountry "GER"]
[BlackTeamCountry "GER"]

1. e4 c5 2. Nc3 Nc6 3. g3 g6 4. Bg2 Bg7 5. d3 e6 6. Nge2 Nge7 7. 0-0 0-0 8. Rb1 Rb8 9. Be3 Nd4 10. b4 d6 11. Qd2 b6 12. f4 Bb7 13. g4 f5 14. h3 Qd7 15. Ng3 Rbc8 16. Nce2 Rc7 17. gxf5 exf5 18. c3 Nxe2+ 19. Nxe2 Qe6 20. bxc5 dxc5 21. e5 Bxg2 22. Kxg2 c4 23. d4 Nd5 24. Kh2 Rb8 25. Rf3 b5 26. Bf2 Bf8 27. h4 a5 28. h5 b4 29. Qc2 Rcb7 30. cxb4 Nxb4 31. Qd2 Nd3 32. Rxb7 Rxb7 33. Qxa5 Rb2 34. d5 Qc8 35. d6 Qb7 36. Kg3 Rxe2 37. Qc7 Qd5 38. d7 Nxf2 39. Rxf2 Rxf2 40. Kxf2 Bc5+ 41. Kg3 Qd3+ 0-1

[Event "Oberliga NRW 9798 I"]
[Site "Germany"]
[Date "1998.??.??"]
[Round "5.5"]
[White "Lane, Gary William"]
[Black "Kley, Thomas"]
[Result "1-0"]
[WhiteElo "2420"]
[BlackElo "2195"]
[PlyCount "85"]
[EventDate "1997.10.??"]
[EventType "team"]
[EventRounds "9"]
[EventCountry "GER"]
[SourceTitle "EXT 1999"]
[Source "ChessBase"]
[SourceDate "1998.11.16"]
[SourceVersion "1"]
[SourceVersionDate "1998.11.16"]
[SourceQuality "1"]
[WhiteTeam "Palenberg"]
[BlackTeam "Elberfeld"]
[WhiteTeamCountry "GER"]
[BlackTeamCountry "GER"]

1. e4 c5 2. Nc3 Nc6 3. Nf3 Nf6 4. d4 cxd4 5. Nxd4 e5 6. Ndb5 d6 7. Bg5 a6 8. Na3 b5 9. Bxf6 gxf6 10. Nd5 Bg7 11. c3 f5 12. exf5 Bxf5 13. Nc2 Be6 14. Nce3 Ne7 15. g3 Nxd5 16. Nxd5 0-0 17. Bg2 Rb8 18. 0-0 a5 19. Qd2 Qd7 20. f4 f5 21. Kh1 Kh8 22. Rad1 Rfc8 23. Ne3 b4 24. Qxd6 Qxd6 25. Rxd6 bxc3 26. bxc3 Bxa2 27. Nxf5 exf4 28. Nxg7 Kxg7 29. Rd7+ Kh8 30. Be4 Rxc3 31. Rxh7+ Kg8 32. Ra7 Rb4 33. Rd1 Rc8 34. Bf5 Rf8 35. Rxa5 fxg3 36. hxg3 Bf7 37. Rd2 Re8 38. Ra7 Re5 39. g4 Re1+ 40. Kh2 Bd5 41. Kg3 Re8 42. Bd7 Re3+ 43. Kf2 1-0

[Event "Niederrhein-ch"]
[Site "Niederrhein"]
[Date "1995.04.??"]
[Round "?"]
[White "Kistella, Roman"]
[Black "Kley, Thomas"]
[Result "1/2-1/2"]
[WhiteElo "2221"]
[BlackElo "2147"]
[PlyCount "180"]
[EventDate "1995.04.07"]
[EventType "swiss"]
[EventRounds "9"]
[EventCountry "GER"]
[SourceTitle "EXT 2006"]
[Source "ChessBase"]
[SourceDate "2005.11.24"]
[SourceVersion "1"]
[SourceVersionDate "2005.11.24"]
[SourceQuality "1"]

1. d4 Nf6 2. g3 g6 3. Bg2 Bg7 4. e4 d6 5. Ne2 0-0 6. h3 e5 7. Nbc3 Nc6 8. Be3 Re8 9. 0-0 exd4 10. Nxd4 Bd7 11. Nde2 b5 12. a3 Rb8 13. b3 a5 14. Qd3 b4 15. axb4 axb4 16. Nd5 Nxd5 17. exd5 Bxa1 18. Rxa1 Ne5 19. Qd1 Ra8 20. Rxa8 Qxa8 21. Bd2 Bxh3 22. Bxh3 Nf3+ 23. Kg2 Qxd5 24. Nf4 Qxd2 25. Qxf3 Qxc2 26. Bd7 Re1 27. Nd5 c5 28. Nf6+ Kg7 29. Ne8+ Kf8 30. Nxd6 Ke7 31. Nc4 Qd1 32. Qxd1 Rxd1 33. Bb5 Rb1 34. Na5 Kd6 35. Nb7+ Kd5 36. Bc4+ Kd4 37. Bxf7 Ra1 38. Nd6 Kc3 39. Ne4+ Kd4 40. Ng5 Kc3 41. Bc4 h6 42. Ne6 Rc1 43. Nxc5 Kd4 44. Ne6+ Ke5 45. Nf4 Rxc4 46. bxc4 Kd4 47. c5 Kxc5 48. Kf3 Kd4 49. Ke2 g5 50. Nd3 b3 51. g4 Kc3 52. Ke3 Kc2 53. f3 Kd1 54. Nb2+ Ke1 55. Na4 Kf1 56. Ke4 Kg2 57. Nb2 Kg3 58. Nd3 Kg2 59. Nb2 Kg3 60. Nc4 Kg2 61. Kf5 Kg3 62. Nd2 b2 63. Kg6 Kf4 64. Kxh6 Ke3 65. Nc4+ Kxf3 66. Kxg5 b1N 67. Kf5 Nc3 68. g5 Nd5 69. Ne5+ Kg3 70. Nc6 Nf4 71. Nd4 Nd5 72. Ne6 Kh4 73. Ke5 Ne7 74. Kf6 Nd5+ 75. Kg6 Ne7+ 76. Kf7 Nf5 77. Kf6 Ng3 78. g6 Kg4 79. Nd4 Nh5+ 80. Kf7 Kg5 81. Ne6+ Kh6 82. Nc5 Ng7 83. Ne4 Nf5 84. Kf6 Ng7 85. Nd6 Nh5+ 86. Kf7 Ng7 87. Nc8 Nf5 88. Kf6 Ng7 89. Ne7 Ne8+ 90. Kf7 Nd6+ 1/2-1/2

[Event "Niederrhein-ch"]
[Site "Niederrhein"]
[Date "1995.04.??"]
[Round "?"]
[White "Kley, Thomas"]
[Black "Mursaniow, Joerg"]
[Result "1-0"]
[WhiteElo "2147"]
[BlackElo "1859"]
[PlyCount "85"]
[EventDate "1995.04.07"]
[EventType "swiss"]
[EventRounds "9"]
[EventCountry "GER"]
[SourceTitle "EXT 2006"]
[Source "ChessBase"]
[SourceDate "2005.11.24"]
[SourceVersion "1"]
[SourceVersionDate "2005.11.24"]
[SourceQuality "1"]

1. e4 c5 2. Nc3 Nc6 3. g3 g6 4. Bg2 Bg7 5. d3 d6 6. f4 e6 7. Nf3 Nge7 8. 0-0 0-0 9. Be3 Nd4 10. e5 Nef5 11. Bf2 Nxf3+ 12. Qxf3 Nd4 13. Qd1 dxe5 14. fxe5 Bxe5 15. Ne4 f5 16. Nxc5 Qc7 17. b4 Rb8 18. c3 Nb5 19. d4 Bd6 20. Qb3 Qf7 21. d5 e5 22. Ne6 Re8 23. c4 Nc7 24. Nxc7 Qxc7 25. Bxa7 Ra8 26. Be3 b6 27. c5 bxc5 28. bxc5 Rb8 29. Qa3 Bf8 30. d6 Qd7 31. Bd5+ Kg7 32. Rab1 Rxb1 33. Rxb1 f4 34. gxf4 Qg4+ 35. Bg2 exf4 36. Bd4+ Kh6 37. Qf3 Qf5 38. Rf1 g5 39. h4 Ba6 40. hxg5+ Kg6 41. Qc6 Bxf1 42. Qxe8+ Kxg5 43. d7 1-0

[Event "Niederrhein-ch"]
[Site "Niederrhein"]
[Date "1995.04.??"]
[Round "?"]
[White "Sosnowski, Waldemar"]
[Black "Kley, Thomas"]
[Result "0-1"]
[WhiteElo "1896"]
[BlackElo "2147"]
[PlyCount "69"]
[EventDate "1995.04.07"]
[EventType "swiss"]
[EventRounds "9"]
[EventCountry "GER"]
[SourceTitle "EXT 2006"]
[Source "ChessBase"]
[SourceDate "2005.11.24"]
[SourceVersion "1"]
[SourceVersionDate "2005.11.24"]
[SourceQuality "1"]

1. Nf3 Nf6 2. g3 g6 3. b3 Bg7 4. Bb2 0-0 5. Bg2 d6 6. d4 Nbd7 7. 0-0 e5 8. dxe5 Ng4 9. Nbd2 Ngxe5 10. Nxe5 Nxe5 11. Kh1 Re8 12. h3 a5 13. f4 Ng4 14. Qc1 Ne3 15. Rf2 a4 16. Bxg7 Kxg7 17. Qb2+ Qf6 18. Qxf6+ Kxf6 19. Be4 d5 20. Bd3 Bxh3 21. Rh2 Bf5 22. Rxh7 Nxc2 23. Rc1 axb3 24. axb3 Bxd3 25. exd3 Re1+ 26. Rxe1 Nxe1 27. Kg1 Ra2 28. Nf1 Nf3+ 29. Kh1 d4 30. g4 Ra1 31. Kg2 Ne1+ 32. Kg3 Nxd3 33. Nd2 Re1 34. Nf3 Re3 35. Kg2 0-1